| 000 | 01390nam a2200313 4500 | ||
|---|---|---|---|
| 001 | 0000020796 | ||
| 003 | CO-CtgCURN | ||
| 005 | 20250429224117.0 | ||
| 007 | ta | ||
| 008 | 160627s2001 000 0 eng d | ||
| 020 | _a9586761428 | ||
| 040 |
_aCO-CtgCURN _bspa _ccoctgcurn |
||
| 082 | 0 |
_a347.9 _bC17c |
|
| 100 | 1 | _aCardona Hernández, Guillermo. | |
| 245 | 1 | 0 |
_aContratos civiles / _cGuillermo Cardona Hernández. |
| 250 | _a3a ed. | ||
| 260 |
_aBogotá : _bEdiciones Doctrina y Ley, _c2001. |
||
| 300 | _axxx, 299 p. | ||
| 336 | _2rdacontent | ||
| 337 |
_2rdamedia _asin mediacion _bn |
||
| 338 |
_2rdacarrier _avolumen _bnc |
||
| 504 | _aBibliografia (p. [300]) | ||
| 505 | 8 | _aDel contrato como acto juridico y fuente de obligaciones.--El contrato de compraventa.--Forma y requisitos del contrato de compraventa.--De la cosa vendida.--De las obligaciones del vendedor y prmeramente de la obligacion de entregar.--Obligaciones del comprador.--Pactos accesorios de la compraventa.--De la rescision de la venta por lesion enorme.--La permuta.--Del contrato de arrendamiento.--De la cesion de derechos.--Del contrato de hipoteca | |
| 650 | 1 | 4 |
_aContratos civiles _zColombia. |
| 908 | _a160627 | ||
| 942 |
_cBK _h347.9 _iC17c _2ddc |
||
| 999 |
_c39269 _d39269 |
||